Co obsahuje e-fulfilment?
Obsahové vymedzenie pojmu e-fulfilment. Význam a uplatnenie technológií podporujúcich e-fulfilment pri rôznych činnostiach v podniku. Vplyv na podnikové náklady, investície a pružnú reakciu na potreby zákazníkov.
Salvato in:
| Natura: | Capitolo di libro |
|---|---|
| Lingua: | ceco |
| Soggetti: | |
| Tags: |
Nessun Tag, puoi essere il primo ad aggiungerne!!
|
MARC
| LEADER | 00000naa a2200000 4500 | ||
|---|---|---|---|
| 001 | r044513 | ||
| 005 | 20231003123527.2 | ||
| 041 | 0 | |a cze | |
| 044 | |a CZ | ||
| 245 | 1 | 0 | |a Co obsahuje e-fulfilment? |
| 520 | |a Obsahové vymedzenie pojmu e-fulfilment. Význam a uplatnenie technológií podporujúcich e-fulfilment pri rôznych činnostiach v podniku. Vplyv na podnikové náklady, investície a pružnú reakciu na potreby zákazníkov. | ||
| 610 | 2 | 0 | |a riadenie vnútropodnikové |
| 610 | 2 | 0 | |a internet |
| 610 | 2 | 0 | |a objednávky |
| 610 | 2 | 0 | |a spokojnosť zákazníkov |
| 610 | 2 | 0 | |a logistika |